000 00335pam a2200157a 44500
008 230515b1999 xxu||||| |||| 00| 0 eng d
020 _a0
041 _aENGLISH
082 _a0 MUM
100 _aMUMFORD
245 _aCELEBRATING DEATH
250 _a0
260 _aNEW DELHI
_bN.D.
_c1999
300 _a181
650 _aBHAISHAJYA
999 _c481123
_d481123